Europa Karte - Statistiken

Allgemein
  • Dieses Quiz wurde 50 mal gespielt
  • Das Durchschnittsergebnis liegt bei 14 aus 21
Antworten auf der Karte
Die Antworten werden auf der Karte rot bzw. grün angezeigt, abhängig davon wie oft sie richtig erraten wurden.
 
Antwortstatistiken
Antwort % Korrekt
Russia
95%
Poland
92%
Ukraine
92%
Belarus
86%
Estonia
76%
Czech Republic
73%
Romania
73%
Lithuania
70%
Slovakia
70%
Slovenia
70%
Bosnia and Herzegovina
68%
Bulgaria
68%
Croatia
68%
Latvia
68%
Serbia
65%
Albania
62%
Hungary
62%
North Macedonia
62%
Montenegro
57%
Kosovo
35%
Moldova
27%
Keine übereinstimmenden Quizze gefunden
Verteilung der Resultate
Anzahl Personen mit jedem Resultat
Perzentil nach korrekt beantworteten Fragen
Ihre Resultats-Entwicklung
Sie haben dieses Quiz noch nicht gespielt